000 00505nam a2200181Ia 4500
005 20250508151435.0
008 008 250505s9999 xx 000 0 eng d
037 _aTextual
040 _aFEDL
_beng
_cFEDL
041 _aeng
_2eng
084 _a822.91, BAY
_qFEDL
100 _aBayliss A E M
_9759136
245 0 _aSeven modern plays for boys
260 _aLondon, UK
_bGeorge G. Harrap and Co. Ltd
_c1953
300 _a111p.
942 _cTEXL
_h822.91, BAY
999 _c1329812
_d1329812